000
00239nam a2200097Ia 4500
001
1113866
005
20250827003957.0
008
250824s9999 xx 000 0 und d
245
0
_a
YAZ BULUTLARI
_c
AHMET BATMAN
260
_b
DESTEK YAYINLARI
999
_c
1113866
_d
1113866